000 00574cam a2200229ua 4500
001 11261
005 20260515114730.0
008 190905n ii |||gr||||Z||||||eng
020 _a9789332518247
040 _cMAIN
041 _aeng
082 _a339
100 _aAndrew B Abel,
_eAuthor.
245 _acBy Andrew B Abel and others
250 _a9th imp.
260 _aUttar Pradesh:
_bPearson,
_c2018.
300 _a619p.
653 _aMacroeconomics & related topics
700 _aBen S Bernanke,
_eAuthor.,
700 _aDean Croushore,
_eAuthor.
942 _cBK
999 _c10111
_d10111